000 00488nam a22001697a 4500
999 _c187609
_d187609
005 20220425145502.0
010 _aENG-132390
020 _c300.00
035 _aEN-115922
037 _bDBAD/PUB
082 _a000
245 _aGroup II & IIA :
_bPreliminary & Main- Combined guide/
260 _aChennai
_bThe Raman's Books
_c2016
270 _a25, Fourth Main Road, Indiranagar, Adyar
_bchennai
_e600020
300 _a256p.
_c28cm(pbk)
942 _2ddc
_cEN
_h000
_mGRO